| 000 | 00330nam a22001217a 4500 | ||
|---|---|---|---|
| 082 | _a370/MAD | ||
| 100 |
_aMadan,K.V.S _982396 |
||
| 245 | _aNTA UGC Net/Set/Jrf Teaching And Research Aptitude General Paper 1 | ||
| 250 | _a8EN | ||
| 260 |
_aUP _bPearson India Education Service Pvt.Ltd. _c2024 |
||
| 650 | _aEducation | ||
| 942 | _cBK | ||
| 999 |
_c66893 _d66893 |
||